Capitals of North and South America - Sudden Death - Statistics

General Stats
  • This quiz has been taken 66 times
  • The average score is 8 of 15
Answers on the Grid
Answers color-coded by a green-red scale on the quiz's grid according to % correct below.
Belmopan
Paramaribo
New York City
Georgetown
Rio de Janeiro
Tegucigalpa
Ottawa
São Paulo
Toronto
Belize City
Quito
Guayaquil
Asunción
Brasília
Basseterra
Santa Cruz
Bridgetown
Saint John's
Medellín
Cali
Roseau
Cancún
Monterrey
Sucre
Stanley
Maracaibo
San Juan
Port of Spain
 
Answer Stats
Answer % Correct
Ottawa
76%
Paramaribo
76%
Belmopan
69%
Brasília
67%
Georgetown
67%
Quito
62%
Asunción
58%
Tegucigalpa
58%
Bridgetown
56%
Sucre
51%
Port of Spain
49%
Roseau
44%
Saint John's
44%
Basseterra
33%
Stanley
4%
No matching quizzes found
Score Distribution
Percent of People with Each Score
Percentile by Number Answered
Your Score History
You have not taken this quiz